000 00360nam a2200157Ia 4500
003 OSt
005 20240329155445.0
008 170524s9999 xx 000 0 und d
020 _a978-1607962120
040 _ciimtu meerut
100 _aMagee J & Edward
100 _c1926
245 0 _aTechnical Analysis of Stock
260 _aVision MVG
942 _2ddc
_c02
999 _c2291
_d2291